Costs and Revenue of Companies in Circular Economy

Identifikácia prínosov modelu obehovej ekonomiky z hľadiska jej využitia v podmienkach obchodných spoločností na základe obsahovej analýzy a analytického výskumu. Objasnenie myšlienky (koncepcie) obehovej ekonomiky uznávanej zahraničnými autormi, medzinárodnými organizáciami atď. V druhej časti konc...

Descrizione completa

Salvato in:
Dettagli Bibliografici
Autore principale: Douša, Milan
Altri autori: Čepelová, Anna
Natura: Capitolo di libro
Lingua:inglese
Soggetti:
Tags: Aggiungi Tag
Nessun Tag, puoi essere il primo ad aggiungerne!!

MARC

LEADER 00000naa a2200000 4500
001 0262443
005 20200219084051.5
041 0 |a eng 
044 |a SK 
245 1 0 |a Costs and Revenue of Companies in Circular Economy  |c Milan Douša, Anna Čepelová 
520 |a Identifikácia prínosov modelu obehovej ekonomiky z hľadiska jej využitia v podmienkach obchodných spoločností na základe obsahovej analýzy a analytického výskumu. Objasnenie myšlienky (koncepcie) obehovej ekonomiky uznávanej zahraničnými autormi, medzinárodnými organizáciami atď. V druhej časti koncepcia aplikovaná na podmienky obchodných spoločností z pohľadu zvýšenia výroby a spotreby (zvýšenie tržieb), ako aj z hľadiska poklesu výroby a spotreby (zníženie nákladov) o inovácie. 
610 2 0 |a ekonomika environmentálna 
610 2 0 |a hospodárstvo obehové 
610 2 0 |a rozvoj trvalo udržateľný 
610 2 0 |a náklady 
610 2 0 |a príjmy 
610 2 0 |a inovácia 
100 1 |a Douša, Milan 
700 1 |a Čepelová, Anna